[Event "XLVII C.to Italiano a squadre A1.1"]
[Site "Santa Margherita Ligure ITA"]
[Date "2015.03.29"]
[Round "5"]
[White "Davi, Alessandro"]
[Black "Molina, Fabrizio"]
[WhiteElo "2128"]
[BlackElo "2217"]
[Result "1-0"]
[PlyCount "55"]
[EventDate "2015.03.27"]

1. d4 d5 2. Nf3 Nf6 3. e3 Bg4 4. Be2 e6 5. Nbd2 c5 6. O-O Nc6 7. c4 cxd4 8.
exd4 Bd6 9. b3 O-O 10. Bb2 Nh5 11. h3 Bxf3 12. Nxf3 Nf4 13. Rc1 Rc8 14. Bd3 Qf6
15. c5 Nb4 16. Bxh7+ Kxh7 17. cxd6 Nbd3 18. Rxc8 Rxc8 19. Ba3 Qg6 20. Nh4 Qg5
21. g3 Nxh3+ 22. Kg2 Rc3 23. d7 Ndxf2 24. Nf3 Qd8 25. Rxf2 Nxf2 26. Kxf2 f6 27.
Ng5+ Kg6 28. Nxe6 1-0

[Event "XLVII C.to Italiano a squadre A1.1"]
[Site "Santa Margherita Ligure ITA"]
[Date "2015.03.29"]
[Round "5"]
[White "Guido, Flavio"]
[Black "Pardo Simon, David"]
[WhiteElo "2364"]
[BlackElo "2458"]
[Result "0-1"]
[PlyCount "80"]
[EventDate "2015.03.27"]

1. e4 g6 2. d4 d6 3. Nc3 Bg7 4. Be3 a6 5. a4 Nf6 6. h3 O-O 7. Nf3 Nc6 8. Bc4 e6
9. O-O b6 10. Qd2 Bb7 11. Bg5 Qd7 12. Rfe1 Nb4 13. Bb3 c5 14. Rad1 Qc7 15. dxc5
dxc5 16. Bf4 Qc8 17. Ne5 Nh5 18. Nc4 Qc6 19. Bh2 b5 20. Na5 Qb6 21. Nxb7 Qxb7
22. axb5 axb5 23. Bd6 Rfd8 24. Qe2 Rxd6 25. Rxd6 c4 26. Bxc4 bxc4 27. Qxc4 Nxc2
28. Red1 Bf6 29. e5 Bxe5 30. Rd8+ Rxd8 31. Rxd8+ Kg7 32. Qc5 Qc7 33. Qf8+ Kf6
34. g4 Bxc3 35. bxc3 Nf4 36. h4 Ke5 37. Qg7+ Ke4 38. Rd2 Kf3 39. Rxc2 Qd6 40.
Kh2 Nh5+ 0-1

[Event "IV Festival Scacchisti.it A"]
[Site "Acqui Terme ITA"]
[Date "2015.07.20"]
[Round "1"]
[White "Del Rio Angelis, Salvador Gabriel"]
[Black "Mina, Marco"]
[WhiteElo "2494"]
[BlackElo "2052"]
[Result "1-0"]
[PlyCount "69"]
[EventDate "2015.07.20"]

1. d4 e6 2. c4 Nf6 3. Nc3 d5 4. Bg5 Nbd7 5. e3 Be7 6. Nf3 O-O 7. Rc1 c6 8. Bd3
dxc4 9. Bxc4 Nd5 10. Bxe7 Qxe7 11. O-O Nxc3 12. Rxc3 e5 13. Bb3 exd4 14. exd4
Nf6 15. Re1 Qd6 16. Ne5 Nd5 17. Rg3 Be6 18. h3 f6 19. Nd3 Rfe8 20. Nc5 Bf7 21.
Ne4 Qf8 22. Qf3 Kh8 23. Rc1 Rad8 24. Nc5 Re7 25. Qg4 Rde8 26. a3 Qg8 27. Bc2
Nb6 28. Kh2 Re2 29. Ne4 Bc4 30. b3 Ba6 31. Nxf6 gxf6 32. Qh5 Qxg3+ 33. fxg3
R8e7 34. Qh6 Rf7 35. Bxh7 1-0

[Event "IV Festival Scacchisti.it A"]
[Site "Acqui Terme ITA"]
[Date "2015.07.20"]
[Round "1"]
[White "Drago, Paolo"]
[Black "Lazic, Miroljub"]
[WhiteElo "2029"]
[BlackElo "2466"]
[Result "0-1"]
[PlyCount "32"]
[EventDate "2015.07.20"]

1. d4 d6 2. c4 e5 3. d5 f5 4. Nc3 Nf6 5. Nf3 Be7 6. Qc2 Na6 7. e4 Nxe4 8. Nxe4
fxe4 9. Qxe4 O-O 10. Bd3 Bf5 11. Qe2 Bxd3 12. Qxd3 Nc5 13. Qe3 e4 14. b4 exf3
15. bxc5 fxg2 16. Rg1 Bf6 0-1

[Event "IV Festival Scacchisti.it A"]
[Site "Acqui Terme ITA"]
[Date "2015.07.21"]
[Round "2"]
[White "Lazic, Miroljub"]
[Black "Pepino, Enrico"]
[WhiteElo "2466"]
[BlackElo "2154"]
[Result "1-0"]
[PlyCount "67"]
[EventDate "2015.07.20"]

1. g3 g6 2. Bg2 Bg7 3. d4 d6 4. Nc3 Nf6 5. e4 O-O 6. h3 e5 7. Nge2 Nc6 8. Be3
exd4 9. Nxd4 Bd7 10. O-O Re8 11. Re1 Nxd4 12. Bxd4 Bc6 13. Qd2 Nd7 14. Bxg7
Kxg7 15. f4 Qf6 16. Re3 Re7 17. Rae1 Rae8 18. b3 Kg8 19. Nd1 Qg7 20. Nf2 f5 21.
exf5 gxf5 22. Rxe7 Rxe7 23. Rxe7 Qxe7 24. Bxc6 bxc6 25. Qa5 Nc5 26. Qxa7 Qe3
27. Qb8+ Kg7 28. Qxc7+ Kg8 29. Qc8+ Kg7 30. Qxf5 Qxg3+ 31. Kf1 Qe3 32. Qg5+ Kf7
33. Qh5+ Kg7 34. Qh6+ 1-0

[Event "IV Festival Scacchisti.it A"]
[Site "Acqui Terme ITA"]
[Date "2015.07.21"]
[Round "2"]
[White "Yao, Stefano"]
[Black "Del Rio Angelis, Salvador Gabriel"]
[WhiteElo "2231"]
[BlackElo "2494"]
[Result "0-1"]
[PlyCount "78"]
[EventDate "2015.07.20"]

1. Nf3 d5 2. d4 Nf6 3. c4 e6 4. Bg5 Be7 5. Nc3 O-O 6. e3 h6 7. Bh4 Ne4 8. Bxe7
Qxe7 9. cxd5 Nxc3 10. bxc3 exd5 11. Qb3 Rd8 12. Be2 Nc6 13. O-O b6 14. Qa4 Bd7
15. Bb5 Qd6 16. Rfc1 a6 17. Bxc6 Bxc6 18. Qb4 a5 19. Qxd6 Rxd6 20. c4 dxc4 21.
Rxc4 Rc8 22. Rac1 Bd5 23. R4c2 c5 24. Nd2 Rdc6 25. dxc5 Rxc5 26. Rxc5 bxc5 27.
Nc4 Rb8 28. f3 a4 29. a3 Rb3 30. e4 Be6 31. f4 g6 32. Nd6 Rxa3 33. f5 Rd3 34.
fxe6 Rxd6 35. exf7+ Kxf7 36. Rxc5 Ra6 37. Rc1 a3 38. Kf2 a2 39. Ra1 Ke6 0-1

[Event "IV Festival Scacchisti.it A"]
[Site "Acqui Terme ITA"]
[Date "2015.07.22"]
[Round "3"]
[White "Davi, Alessandro"]
[Black "Lazic, Miroljub"]
[WhiteElo "2159"]
[BlackElo "2466"]
[Result "0-1"]
[PlyCount "114"]
[EventDate "2015.07.20"]

1. d4 d6 2. Nf3 Bg4 3. c4 c6 4. Nc3 Nd7 5. e4 e5 6. Be2 Be7 7. Be3 Ngf6 8. O-O
O-O 9. d5 Qb8 10. Nd2 Bxe2 11. Qxe2 Bd8 12. b4 cxd5 13. cxd5 Bb6 14. Nc4 Bxe3
15. Nxe3 Rc8 16. Qd3 a6 17. Rfc1 Kf8 18. Ne2 Qa7 19. Nc4 Ke7 20. h3 g6 21. g3
Rc7 22. Na5 Rac8 23. Kg2 Nb8 24. Rxc7+ Rxc7 25. f4 Nbd7 26. Kf3 Qb8 27. Nc4 Qc8
28. Nxe5 Nxe5+ 29. fxe5 Nd7 30. exd6+ Kxd6 31. Kg2 Rc2 32. Rf1 f6 33. a3 Qc4
34. Qxc4 Rxc4 35. Rf4 Rc2 36. Kf2 Ke5 37. Rf3 Kxe4 38. Re3+ Kxd5 39. Re7 Kd6
40. Rxh7 Ra2 41. Rh4 Rxa3 42. Rd4+ Ke7 43. h4 Ne5 44. Nf4 Rb3 45. Re4 Kf7 46.
Nd5 Ke6 47. Rd4 g5 48. h5 Rd3 49. Nc7+ Kf7 50. Rd5 Rc3 51. Na8 Rb3 52. Nb6 Rxb4
53. Nd7 Rb2+ 54. Kg1 Nxd7 55. Rxd7+ Kg8 56. h6 a5 57. Rg7+ Kh8 0-1

[Event "IV Festival Scacchisti.it A"]
[Site "Acqui Terme ITA"]
[Date "2015.07.22"]
[Round "3"]
[White "Del Rio Angelis, Salvador Gabriel"]
[Black "Contin, Daniel"]
[WhiteElo "2494"]
[BlackElo "2296"]
[Result "1/2-1/2"]
[PlyCount "28"]
[EventDate "2015.07.20"]

1. d4 d5 2. c4 c6 3. Nc3 Nf6 4. cxd5 cxd5 5. Bf4 Nc6 6. e3 a6 7. Bd3 Bg4 8.
Nge2 e6 9. O-O Bd6 10. Bxd6 Bxe2 11. Qxe2 Qxd6 12. Rac1 O-O 13. a3 e5 14. dxe5
Qxe5 1/2-1/2

[Event "IV Festival Scacchisti.it A"]
[Site "Acqui Terme ITA"]
[Date "2015.07.23"]
[Round "5"]
[White "Del Rio Angelis, Salvador Gabriel"]
[Black "Varvaglione, Antonio"]
[WhiteElo "2494"]
[BlackElo "2202"]
[Result "1-0"]
[PlyCount "61"]
[EventDate "2015.07.20"]

1. d4 Nf6 2. c4 c5 3. d5 b5 4. cxb5 a6 5. e3 axb5 6. Bxb5 Qa5+ 7. Nc3 g6 8.
Nge2 Ba6 9. Bxa6 Qxa6 10. O-O d6 11. a4 Bg7 12. Nb5 Qb7 13. Nec3 O-O 14. e4
Nbd7 15. Re1 Rfb8 16. Bg5 c4 17. Be3 Ne5 18. Re2 Nfd7 19. Bd4 Bh6 20. Rb1 Nc5
21. Bxc5 dxc5 22. Ra1 Qd7 23. Ra3 Qg4 24. Rc2 Qh4 25. Qe2 Ra6 26. Nd1 Rf6 27.
g3 Qh3 28. f4 Ng4 29. Qg2 Qh5 30. Re2 Bg7 31. h3 1-0

[Event "IV Festival Scacchisti.it A"]
[Site "Acqui Terme ITA"]
[Date "2015.07.23"]
[Round "5"]
[White "Laketic, Gojko"]
[Black "Lazic, Miroljub"]
[WhiteElo "2422"]
[BlackElo "2466"]
[Result "1/2-1/2"]
[PlyCount "27"]
[EventDate "2015.07.20"]

1. d4 d5 2. c4 dxc4 3. e3 e5 4. Bxc4 exd4 5. exd4 Bd6 6. Nf3 Nf6 7. Qe2+ Qe7 8.
Qxe7+ Bxe7 9. O-O O-O 10. Nc3 a6 11. Bf4 Bd6 12. Bxd6 cxd6 13. h3 d5 14. Nxd5
1/2-1/2

[Event "IV Festival Scacchisti.it A"]
[Site "Acqui Terme ITA"]
[Date "2015.07.25"]
[Round "7"]
[White "Blechzin, Igor"]
[Black "Lazic, Miroljub"]
[WhiteElo "2356"]
[BlackElo "2466"]
[Result "0-1"]
[PlyCount "74"]
[EventDate "2015.07.20"]

1. d4 d6 2. Nf3 Bg4 3. g3 Bxf3 4. exf3 d5 5. Bg2 c6 6. O-O e6 7. f4 Bd6 8. Nd2
Ne7 9. Nf3 O-O 10. Re1 Nd7 11. Ne5 Rc8 12. b3 Nxe5 13. fxe5 Bb4 14. Bd2 Bxd2
15. Qxd2 c5 16. dxc5 Rxc5 17. Rac1 Qc7 18. c4 Rc8 19. Bf1 dxc4 20. Rxc4 Rxc4
21. Bxc4 Rd8 22. Qb2 Nc6 23. Qe2 Qa5 24. Kg2 Rd2 25. Qe3 Qxa2 26. b4 Qb2 27. b5
Nxe5 28. Qxa7 h5 29. Re4 Nxc4 30. Rxc4 Qxb5 31. Rc5 Qe2 32. Qb8+ Kh7 33. Qf4
Rd1 34. Kh3 f6 35. Rc7 Kg6 36. Qa4 Qf1+ 37. Kh4 Kh6 0-1

[Event "IV Festival Scacchisti.it A"]
[Site "Acqui Terme ITA"]
[Date "2015.07.26"]
[Round "8"]
[White "Drasko, Milan"]
[Black "Laketic, Gojko"]
[WhiteElo "2437"]
[BlackElo "2422"]
[Result "1/2-1/2"]
[PlyCount "30"]
[EventDate "2015.07.20"]

1. d4 Nf6 2. c4 g6 3. Nf3 Bg7 4. g3 O-O 5. Bg2 d6 6. O-O Nbd7 7. Qc2 e5 8. Rd1
Re8 9. e4 Qe7 10. Nc3 c6 11. b3 exd4 12. Nxd4 Nc5 13. f3 Nfd7 14. Nce2 a5 15.
Rb1 Nb6 1/2-1/2

[Event "IV Festival Scacchisti.it A"]
[Site "Acqui Terme ITA"]
[Date "2015.07.26"]
[Round "8"]
[White "Lazic, Miroljub"]
[Black "Manfredi, Vincenzo"]
[WhiteElo "2466"]
[BlackElo "2209"]
[Result "1-0"]
[PlyCount "71"]
[EventDate "2015.07.20"]

1. g3 d5 2. Nf3 c5 3. Bg2 Nc6 4. O-O e5 5. c4 d4 6. d3 Nf6 7. e3 Be7 8. exd4
exd4 9. Re1 O-O 10. Bf4 Bf5 11. Ne5 Nxe5 12. Bxe5 Bc8 13. Nd2 Bd6 14. Bxf6 Qxf6
15. Ne4 Qh6 16. Nxd6 Qxd6 17. Qe2 Qb6 18. Bd5 Bf5 19. Qf3 Qg6 20. Re7 Rab8 21.
Rae1 Kh8 22. Be4 Bxe4 23. R1xe4 h6 24. Kg2 Kg8 25. Rg4 Qd6 26. Rge4 b5 27. cxb5
Rxb5 28. b3 Ra5 29. Re2 Ra3 30. Rb7 a5 31. Re8 f5 32. Ree7 Qf6 33. Rxg7+ Qxg7
34. Rxg7+ Kxg7 35. Qe2 Rxb3 36. axb3 1-0

[Event "IV Festival Scacchisti.it A"]
[Site "Acqui Terme ITA"]
[Date "2015.07.27"]
[Round "9"]
[White "Bardone, Lorenzo"]
[Black "Lazic, Miroljub"]
[WhiteElo "2192"]
[BlackElo "2466"]
[Result "0-1"]
[PlyCount "98"]
[EventDate "2015.07.20"]

1. e4 e5 2. Nf3 Nc6 3. Bb5 Nge7 4. c3 a6 5. Ba4 d6 6. d4 Bd7 7. Bg5 h6 8. Be3
Ng6 9. O-O Be7 10. Nbd2 Bg5 11. Re1 Bxe3 12. Rxe3 Qf6 13. d5 Nb8 14. Bxd7+ Nxd7
15. b4 O-O 16. c4 a5 17. a3 b6 18. Nb3 Qd8 19. bxa5 bxa5 20. c5 a4 21. c6 axb3
22. cxd7 Qxd7 23. Qxb3 f5 24. Nd2 Nf4 25. f3 Rab8 26. Qc2 Qb5 27. Nc4 Qc5 28.
Kh1 fxe4 29. fxe4 Nh5 30. Rc1 Rf7 31. Rf3 Nf6 32. h3 Qd4 33. Re1 Rbf8 34. Na5
Nh5 35. Nc6 Qb6 36. Rxf7 Rxf7 37. Nb4 Kh7 38. Nd3 Ng3+ 39. Kh2 Nf1+ 40. Kh1 Qd4
41. a4 Kh8 42. a5 Ng3+ 43. Kh2 Nxe4 44. a6 Ng5 45. Rb1 e4 46. Rb8+ Kh7 47. Nb4
Qe5+ 48. Kg1 Qg3 49. Qe2 Nf3+ 0-1

[Event "IV Festival Scacchisti.it A"]
[Site "Acqui Terme ITA"]
[Date "2015.07.27"]
[Round "9"]
[White "Blechzin, Igor"]
[Black "Del Rio Angelis, Salvador Gabriel"]
[WhiteElo "2356"]
[BlackElo "2494"]
[Result "0-1"]
[PlyCount "100"]
[EventDate "2015.07.20"]

1. d4 Nf6 2. Nf3 e6 3. g3 d5 4. c4 Be7 5. Bg2 O-O 6. O-O dxc4 7. Qa4 a6 8. Qxc4
b5 9. Qc2 Bb7 10. Nc3 Nbd7 11. Ng5 Bxg2 12. Kxg2 c5 13. dxc5 Nxc5 14. Be3 Rc8
15. Rad1 Qc7 16. Bd4 g6 17. Nf3 Rfd8 18. Be5 Qc6 19. Rxd8+ Rxd8 20. Kg1 b4 21.
Nd1 Qe4 22. Ne3 Qxc2 23. Nxc2 Nd5 24. Ncd4 Rc8 25. Rc1 f6 26. Nxe6 fxe5 27.
Nxe5 Nb6 28. Nd4 Bf6 29. Ndc6 Rc7 30. f4 Nca4 31. Rd1 Nxb2 32. Rd6 Bxe5 33.
Nxe5 Rb7 34. Nc6 N6c4 35. Rd8+ Kf7 36. Ra8 Rb6 37. Ra7+ Ke6 38. Nd8+ Kd5 39.
Rxh7 a5 40. Re7 a4 41. e4+ Kd4 42. e5 b3 43. axb3 axb3 44. e6 Nd3 45. Rd7+ Kc3
46. e7 b2 47. e8=Q b1=Q+ 48. Kg2 Rb2+ 49. Kh3 Nde5 50. fxe5 Qf1+ 0-1

[Event "V Open Amatori"]
[Site "Arvier ITA"]
[Date "2015.01.02"]
[Round "1"]
[White "Bagnod, Ruben"]
[Black "Bogatto, Mario"]
[WhiteElo "1819"]
[BlackElo "1392"]
[Result "1-0"]
[PlyCount "45"]
[EventDate "2015.01.02"]

1. e4 d6 2. Nf3 Nf6 3. Nc3 c6 4. h3 e6 5. d4 Be7 6. Bd3 b6 7. Be3 Ba6 8. Bxa6
Nxa6 9. a3 Nc7 10. Nd2 c5 11. e5 dxe5 12. dxe5 Nd7 13. Nc4 O-O 14. Qg4 Kh8 15.
O-O-O Qc8 16. b4 Rg8 17. Ne4 Nf8 18. Ncd6 Bxd6 19. Nxd6 Qd7 20. Qf4 f6 21. exf6
gxf6 22. Qxf6+ Qg7 23. Nf7# 1-0

[Event "V Open Amatori"]
[Site "Arvier ITA"]
[Date "2015.01.02"]
[Round "1"]
[White "Baloire, Endy"]
[Black "Bonino, Silvano"]
[WhiteElo "1960"]
[BlackElo "1441"]
[Result "1-0"]
[PlyCount "109"]
[EventDate "2015.01.02"]

1. e4 c5 2. Nc3 Nc6 3. g3 d6 4. Bg2 Nf6 5. f4 e6 6. Nf3 Be7 7. O-O O-O 8. d3
Qb6 9. Kh1 Bd7 10. Ne2 Rad8 11. h3 Qc7 12. g4 e5 13. Ng3 exf4 14. Bxf4 Ne5 15.
g5 Ne8 16. Nf5 Bxf5 17. exf5 f6 18. gxf6 Bxf6 19. Ng5 Bxg5 20. Bxg5 Nf6 21. Qe1
Rde8 22. Qg3 Kh8 23. Rae1 h6 24. Bd2 b6 25. Qh4 Qf7 26. b3 Qh5 27. Qg3 Re7 28.
Bc3 Rfe8 29. d4 Nf7 30. Rxe7 Rxe7 31. dxc5 dxc5 32. Bxf6 gxf6 33. Qg6 Qxg6 34.
fxg6 Ng5 35. Rxf6 Kg7 36. Rc6 Re6 37. h4 Rxc6 38. Bxc6 Ne6 39. h5 Nd4 40. Be4
a5 41. a4 b5 42. axb5 Nxb5 43. Kg2 Nc3 44. Bd3 a4 45. bxa4 Nxa4 46. Kf3 Nb2 47.
Ke4 c4 48. Be2 c3 49. Kd4 Na4 50. Kc4 Nb6+ 51. Kxc3 Nd5+ 52. Kd4 Nf4 53. Bf3
Nxg6 54. hxg6 Kxg6 55. c4 1-0

[Event "V Open Amatori"]
[Site "Arvier ITA"]
[Date "2015.01.02"]
[Round "1"]
[White "Leo, Giovanni"]
[Black "Cattaneo, Roger"]
[WhiteElo "1398"]
[BlackElo "1827"]
[Result "0-1"]
[PlyCount "86"]
[EventDate "2015.01.02"]

1. d4 d5 2. c4 c6 3. cxd5 cxd5 4. Nc3 e6 5. Bf4 a6 6. e3 Nf6 7. Bd3 Nc6 8. a3
Bd6 9. Nge2 O-O 10. O-O Bxf4 11. Nxf4 b5 12. Re1 Bb7 13. Bc2 b4 14. Na4 bxa3
15. bxa3 Na5 16. Nc5 Bc6 17. f3 Nd7 18. Qb1 h6 19. Nfxe6 fxe6 20. Nxe6 Qf6 21.
Nxf8 Rxf8 22. Qb4 Nc4 23. Bd3 a5 24. Qc3 Ndb6 25. Bxc4 Nxc4 26. Kf2 Qd6 27. Kg1
Rb8 28. Reb1 Rxb1+ 29. Rxb1 Nxa3 30. Ra1 Nc4 31. Qe1 a4 32. e4 dxe4 33. fxe4
Qxd4+ 34. Kh1 a3 35. e5 Qd5 36. Qe2 Qd4 37. Qe1 Ne3 38. Rxa3 Bxg2+ 39. Kg1 Nc2+
40. Qf2 Qxf2+ 41. Kxf2 Nxa3 42. Kxg2 Kf7 43. Kf3 Ke6 0-1

[Event "V Open Amatori"]
[Site "Arvier ITA"]
[Date "2015.01.02"]
[Round "1"]
[White "Lyabel, Giacomo"]
[Black "Ciuffoletti, Paolo"]
[WhiteElo "1544"]
[BlackElo "2163"]
[Result "0-1"]
[PlyCount "46"]
[EventDate "2015.01.02"]

1. d4 d5 2. c4 c6 3. e3 Nf6 4. Nc3 a6 5. Nf3 b5 6. c5 Nbd7 7. a3 a5 8. Bd3 e5
9. Bc2 Be7 10. b3 Qc7 11. Bb2 O-O 12. O-O Re8 13. Re1 Bd8 14. h3 e4 15. Nd2 Nf8
16. Nf1 Ng6 17. Ng3 Nh4 18. Rf1 Qd7 19. Re1 Nxg2 20. Kxg2 Qxh3+ 21. Kg1 Ng4 22.
Qe2 Nh2 23. Bd1 Nf3+ 0-1

[Event "V Open Amatori"]
[Site "Arvier ITA"]
[Date "2015.01.02"]
[Round "1"]
[White "Marguerettaz, Davy"]
[Black "Ventrella, Enrico"]
[WhiteElo "2222"]
[BlackElo "1748"]
[Result "1/2-1/2"]
[PlyCount "77"]
[EventDate "2015.01.02"]

1. e4 c5 2. Nf3 d6 3. d4 cxd4 4. Qxd4 Nc6 5. Bb5 Bd7 6. Bxc6 Bxc6 7. Nc3 Nf6 8.
Bg5 e6 9. O-O-O Be7 10. Rhe1 Qc7 11. Kb1 a6 12. h3 b5 13. Bxf6 gxf6 14. Nd5
Bxd5 15. exd5 e5 16. Qg4 h5 17. Qg7 Rf8 18. Rd3 b4 19. Qh7 Rc8 20. c3 Qc5 21.
Qxh5 Qxf2 22. Qg4 Rc7 23. Rd2 Qb6 24. Qxb4 Qxb4 25. cxb4 f5 26. Rc2 Rxc2 27.
Kxc2 Kd7 28. Nd2 Rg8 29. Re2 f4 30. a4 f5 31. Nb3 Rc8+ 32. Kd2 Bg5 33. Kd1 Rc4
34. b5 axb5 35. axb5 Rb4 36. Kc2 Rxb5 37. Nd2 e4 38. Nc4 Bf6 39. Rd2 1/2-1/2

[Event "V Open Amatori"]
[Site "Arvier ITA"]
[Date "2015.01.02"]
[Round "1"]
[White "Ortolani, Paolo"]
[Black "Yeuillaz, Corrado"]
[WhiteElo "1735"]
[BlackElo "2221"]
[Result "0-1"]
[PlyCount "92"]
[EventDate "2015.01.02"]

1. e4 d5 2. exd5 Qxd5 3. Nc3 Qd6 4. d4 c6 5. Nf3 Bg4 6. Be2 Nf6 7. O-O Nbd7 8.
h3 Bh5 9. Be3 e6 10. Qd2 Qc7 11. Bf4 Bd6 12. Bxd6 Qxd6 13. Qe3 Bxf3 14. Bxf3
O-O 15. Rad1 Rfd8 16. Ne4 Nxe4 17. Bxe4 Nf6 18. Bf3 Qb4 19. b3 Rd7 20. c3 Qa3
21. Qe2 Rad8 22. Qc2 h6 23. b4 Nd5 24. Rd3 Nf4 25. Re3 a5 26. Rb1 axb4 27. Rxb4
Ra8 28. Qb3 Qxb3 29. axb3 Ra1+ 30. Kh2 Kf8 31. Rb6 Rc1 32. b4 Rc7 33. b5 Nd5
34. Bxd5 cxd5 35. Re2 R1xc3 36. Ra2 Rd7 37. Ra7 Rcc7 38. Kg3 Ke7 39. Kf3 Kd8
40. Ra8+ Rc8 41. Ra7 Rc3+ 42. Kg4 Kc8 43. Ra8+ Kc7 44. Rxe6 fxe6 45. Ra4 Rf7
46. f3 Rc4 0-1

[Event "V Open Amatori"]
[Site "Arvier ITA"]
[Date "2015.01.02"]
[Round "1"]
[White "Van Hoolandt, Patrick"]
[Black "Piazza, Giacomo"]
[WhiteElo "2164"]
[BlackElo "1592"]
[Result "1-0"]
[PlyCount "95"]
[EventDate "2015.01.02"]

1. d4 c6 2. c4 Qc7 3. Nf3 d6 4. Nc3 Bg4 5. e4 Nd7 6. Be2 e5 7. Be3 Ngf6 8. O-O
Be7 9. Rb1 O-O 10. b4 Rab8 11. Re1 Rfd8 12. Qb3 a6 13. a4 Bh5 14. d5 Bg6 15.
Nd2 c5 16. b5 Qa5 17. f3 Nh5 18. Rb2 Nf4 19. Bf1 f5 20. g3 Nh5 21. exf5 Bf7 22.
Nde4 Nhf6 23. Ng5 Rf8 24. Bd2 Qd8 25. Ne6 Bxe6 26. dxe6 Nb6 27. a5 Na8 28. b6
Qe8 29. Bd3 Qh5 30. Qd1 h6 31. Be3 Nh7 32. Nd5 Qe8 33. h4 Nf6 34. Nxe7+ Qxe7
35. Bb1 Rbd8 36. Rd2 Nh7 37. Rg2 Nf6 38. Qc2 d5 39. cxd5 Rxd5 40. Ba2 Rdd8 41.
Qxc5 Rd6 42. g4 Rfd8 43. g5 hxg5 44. hxg5 Nh7 45. f6 Nxf6 46. gxf6 Qxf6 47.
Qxd6 Rxd6 48. e7+ 1-0

[Event "V Open Amatori"]
[Site "Arvier ITA"]
[Date "2015.01.03"]
[Round "2"]
[White "Bogatto, Mario"]
[Black "Lyabel, Giacomo"]
[WhiteElo "1392"]
[BlackElo "1544"]
[Result "0-1"]
[PlyCount "118"]
[EventDate "2015.01.02"]

1. e4 c5 2. Nc3 d6 3. Nf3 Nc6 4. d3 g6 5. Be2 Bg7 6. O-O Nf6 7. Bd2 O-O 8. Qc1
Re8 9. h3 e6 10. Bh6 b6 11. Bxg7 Kxg7 12. a3 Bb7 13. Qd2 a6 14. Rad1 d5 15.
exd5 exd5 16. d4 c4 17. Rfe1 b5 18. Bf1 Qd6 19. Re3 Rxe3 20. fxe3 Re8 21. Qf2
Qe6 22. Re1 h6 23. Nd1 Ne4 24. Qh4 g5 25. Qg4 f5 26. Qh5 Nf6 27. Nxg5 Nxh5 28.
Nxe6+ Rxe6 29. Be2 Nf6 30. Bf3 Nxd4 31. c3 Nc6 32. Kf2 Ne4+ 33. Ke2 Ne5 34.
Bxe4 fxe4 35. Nf2 Rf6 36. Rf1 Rg6 37. g4 h5 38. Rg1 hxg4 39. hxg4 Bc8 40. g5
Nf3 41. Rg3 Rxg5 42. Rxg5+ Nxg5 43. Nh1 Kf6 44. Ng3 Bg4+ 45. Kf2 Nf7 46. Nf1
Ne5 47. Ke1 Nd3+ 48. Kd2 Nxb2 49. Kc2 Nd3 50. Kd2 Kg5 51. Kc2 Kh4 52. Nd2 Bh3
53. Nb1 Kg3 54. Kd2 Kf2 55. a4 bxa4 56. Na3 Ne5 57. Nc2 Nf3+ 58. Kc1 Ne1 59.
Nb4 Nd3+ 0-1

[Event "V Open Amatori"]
[Site "Arvier ITA"]
[Date "2015.01.03"]
[Round "2"]
[White "Bonino, Silvano"]
[Black "Ortolani, Paolo"]
[WhiteElo "1441"]
[BlackElo "1735"]
[Result "0-1"]
[PlyCount "88"]
[EventDate "2015.01.02"]

1. d4 d6 2. c4 e5 3. dxe5 dxe5 4. Qxd8+ Kxd8 5. Nc3 c6 6. Bd2 Be6 7. O-O-O Kc7
8. e3 Nd7 9. Nf3 h6 10. e4 Ngf6 11. Bd3 Ne8 12. b3 f6 13. Be3 Bg4 14. h3 Bh5
15. g4 Bg6 16. Nh4 Bh7 17. f3 Nc5 18. Kc2 Ne6 19. Ne2 Nd6 20. Nf5 a5 21. Nxd6
Bxd6 22. a4 Rhd8 23. Kb2 Rd7 24. Bc2 Rad8 25. h4 Bc5 26. Rxd7+ Rxd7 27. Bxc5
Nxc5 28. Rd1 Bg8 29. Rxd7+ Kxd7 30. Ng3 Ne6 31. Ne2 c5 32. Kc3 Nd4 33. Nxd4
exd4+ 34. Kd3 Kd6 35. Ke2 Ke5 36. Kf2 Kf4 37. Bd3 Bf7 38. h5 g6 39. hxg6 Bxg6
40. Be2 h5 41. gxh5 Bxh5 42. Bd1 d3 43. Ke1 Bxf3 44. Bxf3 Kxf3 0-1

[Event "V Open Amatori"]
[Site "Arvier ITA"]
[Date "2015.01.03"]
[Round "2"]
[White "Cattaneo, Roger"]
[Black "Marguerettaz, Davy"]
[WhiteElo "1827"]
[BlackElo "2222"]
[Result "1/2-1/2"]
[PlyCount "77"]
[EventDate "2015.01.02"]

1. d4 d5 2. c4 e6 3. Nc3 Nf6 4. e3 Be7 5. Nf3 O-O 6. Bd3 a6 7. c5 b6 8. b4 a5
9. Ba3 axb4 10. Bxb4 bxc5 11. dxc5 Na6 12. Bxa6 Bxa6 13. Ne5 Qe8 14. Qc2 Ne4
15. Nxe4 dxe4 16. Rc1 Qb5 17. a3 Rfd8 18. Qc4 Rd5 19. Qxb5 Bxb5 20. f4 exf3 21.
Nxf3 e5 22. e4 Rd3 23. Nxe5 Re3+ 24. Kf2 Re2+ 25. Kf3 f5 26. Rhe1 fxe4+ 27. Kg3
Bf6 28. Ng4 Bd4 29. Rxe2 Bxe2 30. Re1 Bd3 31. Nf2 Bxf2+ 32. Kxf2 Kf7 33. Ke3
Ke6 34. Rc1 c6 35. Ra1 Kd5 36. Ra2 Rf8 37. Rf2 Rxf2 38. Kxf2 Kd4 39. Ke1
1/2-1/2

[Event "V Open Amatori"]
[Site "Arvier ITA"]
[Date "2015.01.03"]
[Round "2"]
[White "Ciuffoletti, Paolo"]
[Black "Van Hoolandt, Patrick"]
[WhiteElo "2163"]
[BlackElo "2164"]
[Result "1-0"]
[PlyCount "55"]
[EventDate "2015.01.02"]

1. e4 e5 2. Nf3 Nc6 3. Bc4 Bc5 4. b4 Bxb4 5. c3 Ba5 6. d4 b5 7. Bxb5 Nxd4 8.
Nxd4 exd4 9. O-O c6 10. Bc4 Ne7 11. Qxd4 O-O 12. Ba3 Bc7 13. Bd6 Bxd6 14. Qxd6
Ng6 15. Nd2 Qa5 16. f4 Qxc3 17. Rae1 a5 18. e5 Qb4 19. Re4 Qxd6 20. exd6 Rd8
21. f5 Nh8 22. Re7 Rb8 23. Ne4 Rb4 24. Rc1 Kf8 25. a3 Ra4 26. Rc3 Re8 27. Rxe8+
Kxe8 28. Nc5 1-0

[Event "V Open Amatori"]
[Site "Arvier ITA"]
[Date "2015.01.03"]
[Round "2"]
[White "Piazza, Giacomo"]
[Black "Leo, Giovanni"]
[WhiteElo "1592"]
[BlackElo "1398"]
[Result "1-0"]
[PlyCount "91"]
[EventDate "2015.01.02"]

1. Nf3 d5 2. e3 Nf6 3. c4 c6 4. cxd5 cxd5 5. Be2 Nc6 6. O-O e5 7. Bb5 Bd6 8. d3
O-O 9. Nbd2 Bf5 10. d4 e4 11. Ne1 Qc7 12. f4 Ng4 13. Nb3 Qe7 14. h3 Nf6 15. a3
Bg6 16. Be2 Bf5 17. g4 Bd7 18. Ng2 h5 19. g5 Nh7 20. h4 g6 21. Rf2 f6 22. Nc5
Bc8 23. Qb3 Qf7 24. Bb5 fxg5 25. hxg5 Nxg5 26. Kh1 Qf5 27. Bd2 Ne7 28. Nh4 Qh3+
29. Rh2 Qg3 30. Be2 Bxf4 31. exf4 Qxb3 32. Nxb3 Ne6 33. Rf1 Kg7 34. Rg2 Rf6 35.
Bxh5 Nf8 36. Rg3 Kh6 37. Be2 Nf5 38. Nxf5+ Bxf5 39. Kg1 Rc8 40. Bc3 Ne6 41. Nc5
b6 42. Nd7 Rf7 43. Ne5 Rfc7 44. Bg4 Rg8 45. Bxf5 Rcg7 46. Bxe6 1-0

[Event "V Open Amatori"]
[Site "Arvier ITA"]
[Date "2015.01.03"]
[Round "2"]
[White "Ranieri, Fabrizio"]
[Black "Baloire, Endy"]
[WhiteElo "2266"]
[BlackElo "1960"]
[Result "1/2-1/2"]
[PlyCount "87"]
[EventDate "2015.01.02"]

1. e4 c6 2. d4 d5 3. exd5 cxd5 4. c4 Nf6 5. Nc3 Nc6 6. Bg5 Be6 7. a3 g6 8. Bxf6
exf6 9. Be2 Bh6 10. Bf3 Ne7 11. c5 O-O 12. Nge2 Qd7 13. O-O a5 14. Na4 Rab8 15.
Nec3 Bf4 16. Nb6 Qc6 17. b4 axb4 18. axb4 Rfd8 19. Qb3 Bc7 20. b5 Qe8 21. Nba4
Qd7 22. g3 b6 23. Rfd1 h5 24. Qb4 Kg7 25. cxb6 Bxb6 26. Nc5 Bxc5 27. dxc5 Bg4
28. Bxg4 hxg4 29. Ra4 Rdc8 30. Qd4 Rxb5 31. Nxb5 Qxb5 32. Rc1 Nf5 33. Qb4 Qc6
34. Qxg4 d4 35. Ra7 Qd5 36. Qf4 Rxc5 37. Rxc5 Qxc5 38. Qc7 Qd5 39. Qd7 Qb3 40.
Qe8 Qd1+ 41. Kg2 Ne3+ 42. fxe3 Qe2+ 43. Kg1 Qe1+ 44. Kg2 1/2-1/2

[Event "V Open Amatori"]
[Site "Arvier ITA"]
[Date "2015.01.03"]
[Round "2"]
[White "Ventrella, Enrico"]
[Black "Scalfi, Agostino"]
[WhiteElo "1748"]
[BlackElo "1780"]
[Result "1/2-1/2"]
[PlyCount "48"]
[EventDate "2015.01.02"]

1. d4 Nf6 2. c4 d5 3. cxd5 Nxd5 4. e4 Nf6 5. Nc3 e6 6. Bg5 Be7 7. Nf3 Nbd7 8.
Bc4 c6 9. Qc2 Qa5 10. O-O h6 11. Bh4 e5 12. a3 exd4 13. Nxd4 Qc5 14. Nce2 Ne5
15. Bd3 Nxd3 16. Qxd3 Qh5 17. Bg3 O-O 18. f4 Qc5 19. Bf2 Ng4 20. b4 Qh5 21. Bg3
Bh4 22. Bxh4 Qxh4 23. h3 Nf6 24. f5 Qxe4 1/2-1/2